00656nam a2200169 a 450000100100000000500170001000800410002704000250006808200150009311000620010824500640017026000670023430000270030159000280032895201130035699900170046900004833720201002061100.0190208s2018 dr a r 000 0 spa d aDO-SdBNPbspacBNPHU axxxbR426i1 aRepública Dominicana.bMinisterio de Educación94310010aInforme de gestión comité ejecutivo nacional 2015-2018. aSanto Domingo :bAsociación Dominicana de Profesores,c2018. a80 p. :bil. ;c28 cm. aInventariado, 2019 / DG 0010718PDaPDbPDcHDd2019-02-08iLF1l0oxxx R426ip48337-10r2020-06-25w2020-06-25yLFPDZNo se presta c47825d47825